000
00218 a2200097 4500
001
7534
100
_a
A R C
245
_a
R & M Nos 2863, 64,67, 69,70,72,81,82,83,85,86
260
_a
_b
H M S O
_c
090
_c
6032
_d
6032
942
_a
NUST-CAE
_c
M
_c
32526
999
_c
242607
_d
242607